000 02078nam a2200313Ia 4500
999 _c56559
_d56559
001 23673
003 GE_BSU
005 20191031104045.0
008 181216s2014|||| |||||||||||||| ||geo||
020 _a9789941133701
040 _cGE_BSU
041 _ageo
080 _a31:338.22 ა-63
100 _aანდერსენი, დევიდ რ.
_95148
245 _aსტატისტიკა ბიზნესისა და ეკონომიკისთვის /
_c დევიდ რ. ანდერსენი ; დენის ჯ. სვინი ; თომას ა. უილიამსი ; რედ : სიმონ გელაშვილი ; მარინე მინდორაშვილი ; მთარგმ: ლია ძებისაური.
250 _aმე-11 განახლებული გამოცემა.
264 _aთბილისი :
_bთბილ. უნ-ტის გამ-ბა,
_c2014
300 _a1206 გვ. :
_bცხრ. ;
_c30 სმ.
520 _aქართული გამოცემა ეძღვნება ეკონომიკური და სოციალური სტატისტიკის კათედრის დაარსების 70-ე წლისთავს.
653 _aბიზნესის სტატისტიკა. ეკონომიკური სტატისტიკა
653 _aეკონომიკა
653 _aსტატისტიკა ბიზნესისა და ეკონომიკისთვის
700 _aსვინი, დენის ჯ
_95149
700 _aუილიამსი, თომას ა
_95150
700 _aგელაშვილი, სიმონ
_eრედაქტორი
_95080
700 _aმინდორაშვილი , მარინე
_eრედაქტორი
_95063
700 _aძებისაური, ლია
_e მთარგმნელი
_95151
942 _cBK
_2udc